000 01102nam a22002657a 4500
999 _c63848
_d63848
005 20240530110702.0
008 171225s2015 ua a f b 000 0dara d
017 _a2009/21377
_bمصر. دار الكتب
020 _a9789774211618
040 _aEG-CaGPL
_cEG-CaGPL
082 0 4 _221
_a930.1
_bق/ف أ
100 1 _aفرانس ، بيتر
245 1 0 _aاوروبا والاثار المصرية /
_cبيتر فرانس ؛ ترجمة ابراهيم محمد ابراهيم ؛ راجعة وقدم له عبدالرحمن الشيخ .
250 _aط.1
260 _aالقاهرة :
_bالهيئة المصرية العامة للكتاب ،
_c2009 .
300 _a276 ص. ؛
_c24 سم.
504 _aببليوجرافية : ص 263 - 267
650 0 7 _2qrmak
_aالاثار المصرية القديمة
650 0 7 _2qrmak
_aالاثار الفرعونية
651 _2qrmak
700 0 _aابراهيم محمد ابراهيم
_eمترجم
700 0 _aعبدالرحمن الشيخ
_eمراجع ومقدم
942 _2ddc
_cBK